| 000 | 00541nam a2200181Ia 4500 | ||
|---|---|---|---|
| 003 | GCL | ||
| 008 | 140319s9999 xx 000 0 ara d | ||
| 040 |
_aGCL / _cGCL |
||
| 082 | 0 | 4 |
_aد _b050 _bم ز |
| 245 | 1 | 0 | _aالزهور(68 يوليو 2006) |
| 260 |
_aالقاهرة : _bمركز الاعلام العربى ، _c2006 |
||
| 650 | 0 | 4 | _aالاغذية |
| 650 | 0 | 4 | _aالدوريات العامة |
| 650 | 0 | 4 | _aالاغذية - وصفات |
| 650 | 0 | 4 | _aالزواج - مشاكل |
| 650 | 0 | 4 | _aالعيون - امراض |
| 942 |
_2ddc _cCR |
||
| 999 |
_c8487 _d8487 |
||